Регионална библиотека "Любен Каравелов" - Русе

[Дванадесет] 12 приказки от Белегаст плюс 3 нови приказки от света на Лора Фей (Запис номер 91225)

MARC детайли
000 -Лидер
Контролно поле с фиксирана дължина 01584nam a2200349 c 4500
003 - Код на организацията, давaща контролен номер
Контролно поле BLK
005 - Дата и час на последна редакция
Контролно поле 20240823154707.0
008 - Елементи от данни с фиксирана дължина
fixed length control field 180408b bul|||||r ||||||| ||bul||
010 ## - Наследен системен номер
LC control number KNG00095979000
020 ## - Международен стандартен номер на книга ISBN
Международен стандартен номер на книга ISBN 978-954-28-0510-6
-- издат.: Сиела Софт енд Паблишинг
040 ## - Източник на каталожния запис
Идентификатор на билиотеката - собственик на записа BLK
041 ## - Код за език
Код за езика на текст/звукозапис или на отделно заглавие Български
Код за езика КДБФ Български
072 #7 - Код за тематичната категория
Код организация bullib
Код за тематична категория Н85
Текст Детска художествена литература Н
080 ## - УДК
Текстов определител УДК Българска литература
УДК код - определител по УДК 821.163.2
УДК определител -93-34
УДК - код + определител 821.163.2-93-34
100 ## - Редна дума - Автор
Автор Русев, Богдан Бориславов
Дати, свързани с автора 1975-
R(LIN) 365584
139 ## - Редно поле
Редна дума Русев, Богдан Бориславов
Авторски знак Русе - Р 94
245 10 - Сведения за заглавието
Заглавие [Дванадесет] 12 приказки от Белегаст плюс 3 нови приказки от света на Лора Фей
Редно поле (дума) Богдан Бориславов Русев; ил. Сибила Николова Коритарева.
250 ## - Област на изданието
Сведения за изданието 2. доп. изд.
257 ## - Страна на издаване
Страна на създаване/издаване България
260 ## - Област на издателските данни
-- София
Име на издателя, разпространителя и проч. Сиела Софт енд Паблишинг
Година на издаване 2009
300 ## - Физическа характеристика
Страници 195 с.
Илюстрации и др. с ил.
Размери/Мащаб 21 см
380 ## - Жанр
Жанр Худож. лит.
500 ## - Общи забележки
Забележка В кн. ил. погрешно отбелязана като Сибила Коритарова. - 1. изд. 2004 със загл. 12 приказки от Белегаст.
659 ## - Тематичен бюлетин
Тематичен бюлетин Н
700 1# - Други автори (авторска отговорност)
Лично име Коритарева, Сибила Николова
Автороска отговорност (Описва отношението между автора и произведението) ил.
9 (RLIN) 82439
852 ## - Местоположение
Форматна сигнатура Цб 248005
856 4# - Електронен адрес и достъп
Електронен формат pdf - файл
Път до файла /url/
856 4# - Електронен адрес и достъп
Електронен формат pdf - файл
Път до файла /url/
942 ## - АРТИКУЛИ
Вид на библиотечния материал Книги
Скрит в OPAC Не
Koha issues (borrowed), all copies 1
944 ## - СЪЗДАВАНЕ И РЕДАКЦИЯ на ЗАПИСА
Създаване/Редакция Създаване
Дата на регистрацията/редакция 11.05.2010
Служител, извършил регистрацията/редакцията 30532
Статус, дата на статуса Лиляна Коева
944 ## - СЪЗДАВАНЕ И РЕДАКЦИЯ на ЗАПИСА
Създаване/Редакция Редакция
Дата на регистрацията/редакция 23.05.2013
Служител, извършил регистрацията/редакцията
999 ## - СИСТЕМНИ КОНТРОЛНИ НОМЕРА
Koha biblionumber 91225
Koha biblioitemnumber 91225
Наличности
Код за отписване Код за изгубен артикул Код за повреда Коз за рестрикции Код за отдаване Артикулен № Име на библиотеката - собственик Име на библиотеката, в която се намира в момента Статус (Текущо местоположение) Дата на вписване в системата Местоположение - отдел Цена в лева Инвентарен номер Систематично азбучна сигнатура Баркод Номер на екземпляра Цена в евро Служебна бележка Служебен тип на артикула
  Не е изгубен Не е повреден без рестрикции ползва се в читалня 147176 Регионална библиотека "Любен Каравелов" Русе Регионална библиотека "Любен Каравелов" Русе Хранилище 2010-05-10 Хранилище 12.00 120000744198 Цб 248005 120000744198 1 6.14 Дост: Dp Вид: Д N: 43 Дата: 14.10.2009 Книги
  Не е изгубен Не е повреден без рестрикции заемане за дома 147177 Регионална библиотека "Любен Каравелов" Русе Регионална библиотека "Любен Каравелов" Русе Детски отдел 2012-06-18 Детски отдел 12.00 120000758427 ДХ 886.7/Р 94 120000758427 2 6.14 Дост: DA Вид: А N: 11 Дата: 18.06.2012 Дата инв: 12.08.2015 Бележки инв: Д2015 Книги
  Не е изгубен Не е повреден без рестрикции заемане за дома 147178 Регионална библиотека "Любен Каравелов" Русе Регионална библиотека "Любен Каравелов" Русе Детски отдел 2012-06-18 Детски отдел 12.00 120000758428 ДХ 886.7/Р 94 120000758428 3 6.14 Дост: DA Вид: А N: 11 Дата: 18.06.2012 Дата инв: 12.08.2015 Бележки инв: Д2015 Книги
  Не е изгубен Не е повреден без рестрикции заемане за дома 147179 Регионална библиотека "Любен Каравелов" Русе Регионална библиотека "Любен Каравелов" Русе Детски отдел 2013-05-21 Детски отдел 12.00 120000766037 ДХ 886.7/Р 94 120000766037 4 6.14 Дост: DA Вид: А N: 6 Дата: 21.05.2013 Дата инв: 12.08.2015 Бележки инв: Д2015 Книги
Vip Innovations Ltd, Rousse, Bulgaria 2025